Terrier to the plan of the parish of Reigate, in the county of Surrey (Record no. 114892)
[ view plain ]
| 000 -LEADER | |
|---|---|
| fixed length control field | 00716cam a22001935a 4500 |
| 001 - CONTROL NUMBER | |
| control field | L157645 |
| 008 - FIXED-LENGTH DATA ELEMENTS--GENERAL INFORMATION | |
| fixed length control field | 130220s1861 xxk f 000 0 eng d |
| 035 ## - SYSTEM CONTROL NUMBER | |
| System control number | (Sirsi) u157645 |
| 041 0# - LANGUAGE CODE | |
| Language code of text/sound track or separate title | eng |
| 100 1# - MAIN ENTRY--PERSONAL NAME | |
| Personal name | Eve, W. |
| 245 00 - TITLE STATEMENT | |
| Title | Terrier to the plan of the parish of Reigate, in the county of Surrey |
| Remainder of title | 1860-61 |
| 260 ## - PUBLICATION, DISTRIBUTION, ETC. | |
| Date of publication, distribution, etc. | [1861] |
| 300 ## - PHYSICAL DESCRIPTION | |
| Extent | 1v. |
| Dimensions | 35cm. |
| 520 ## - SUMMARY, ETC. | |
| Summary, etc. | Cover title: Reigate Parish. 1860-61. W. Eve, Surveyor, Union Court, Old Broad St., E.C. Shewing system of numerical index invented by W. Eve & on his introduction adopted at the Tithe Office. |
| 583 ## - ACTION NOTE | |
| Action | Condition reviewed |
| Time/date of action | 20120620 |
| Status | condition level 4 |
| 651 #4 - SUBJECT ADDED ENTRY--GEOGRAPHIC NAME | |
| Geographic name | Great Britain |
| Chronological subdivision | 1707- |
| 690 ## - LOCAL SUBJECT ADDED ENTRY--TOPICAL TERM (OCLC, RLIN) | |
| Topical term or geographic name as entry element | Finance and taxation |
| 942 ## - ADDED ENTRY ELEMENTS (KOHA) | |
| Suppress in OPAC | 0 |
| Withdrawn status | Lost status | Source of classification or shelving scheme | Damaged status | Not for loan | Home library | Current library | Shelving location | Date acquired | Total Checkouts | Full call number | Barcode | Date last seen | Copy number | Price effective from | Koha item type |
|---|---|---|---|---|---|---|---|---|---|---|---|---|---|---|---|
| Dewey Decimal Classification | Historic collection | Historic collection | Historic collection | 20/02/2013 | FOLIO 1861 EVE | 30078121 | 06/08/2019 | 1 | 06/08/2019 | Book |